مكتبة جامعة عجلون الوطنية

فهرس بحث المكتبة

المرأة في الشريعة اليهودية :حقوقها وواجباتها ،دراسة مقارنة مع حضارات الشرق الادنى القديم (Record no. 6800)

MARC details
000 -LEADER
fixed length control field 00911nam a2200229Ii 4500
003 - CONTROL NUMBER IDENTIFIER
control field JO-AjNU
008 - FIXED-LENGTH DATA ELEMENTS--GENERAL INFORMATION
fixed length control field 230605s9999||||xx |||||||||||||| ||und||
017 ## - COPYRIGHT OR LEGAL DEPOSIT NUMBER
Copyright or legal deposit number 2004/16888
020 ## - INTERNATIONAL STANDARD BOOK NUMBER
International Standard Book Number 977-322-146-6
040 ## - CATALOGING SOURCE
Original cataloging agency JO-AjNU
Language of cataloging ara
Description conventions rda
Transcribing agency JO-AjNU
041 ## - LANGUAGE CODE
Language code of text/sound track or separate title ara
050 14 - LIBRARY OF CONGRESS CALL NUMBER
Classification number BM729.2005
100 3# - MAIN ENTRY--PERSONAL NAME
Personal name يوسف،سوزان السعيد,
Relator term author
9 (RLIN) 13216
245 00 - TITLE STATEMENT
Title المرأة في الشريعة اليهودية :حقوقها وواجباتها ،دراسة مقارنة مع حضارات الشرق الادنى القديم
250 ## - EDITION STATEMENT
Edition statement ط1
264 31 - PRODUCTION, PUBLICATION, DISTRIBUTION, MANUFACTURE, AND COPYRIGHT NOTICE
Place of production, publication, distribution, manufacture القاهرة:عين للدراسات والبحوث الانسانية والاجتماعية ، 2005
300 ## - PHYSICAL DESCRIPTION
Extent 189ص
336 ## - CONTENT TYPE
Content type term text
Content type code txt
Source rdacontent
337 ## - MEDIA TYPE
Media type term unmediated
Media type code n
Source rdamedia
338 ## - CARRIER TYPE
Carrier type term volume
Carrier type code nc
Source rdacarrier
650 #4 - SUBJECT ADDED ENTRY--TOPICAL TERM
Topical term or geographic name entry element المرأة في الشريعة اليهودية-حقوقها وواجباتها
9 (RLIN) 13217
Holdings
Withdrawn status Lost status Source of classification or shelving scheme Damaged status Not for loan Home library Current library Shelving location Date acquired Total Checkouts Full call number Barcode Date last seen Price effective from Koha item type
    Library of Congress Classification     مكتبة جامعة عجلون الوطنية مكتبة جامعة عجلون الوطنية المجموعات العامة 06/06/2023   BM729.2005 A3232 06/06/2023 06/06/2023 Books